000 00580nam a2200205Ia 4500
005 20250326144453.0
008 250326s9999 xx 000 0 und d
020 _a978-0-230-52093-6
037 _aTextbook
040 _aFMSL
_beng
_cFMSL
041 _aeng
_2eng
084 _aX:51 P9
_qFMSL
100 _aBaron S
_9747762
245 0 _aServices marketing : text and cases
_cBaron S And Others
260 _aNew York
_bNew York, Palgrave Macmillan
_c2009
300 _a357p
365 _b5162.4246000000003
942 _cTB
_hX:51 P9
999 _c1303817
_d1303817